[Event "First Saturday 2010 marcius GM"]
[Site "Budapest"]
[Date "2010.03.06"]
[Round "1"]
[White "Olapi, Bunmi"]
[Black "Sharma, Dinesh K"]
[Result "1/2-1/2"]
[WhiteElo "2263"]
[BlackElo "2361"]
[PlyCount "232"]
[EventDate "2010.03.06"]

1. e4 e5 2. Nf3 Nc6 3. Nc3 Nf6 4. Bc4 Bc5 5. O-O d6 6. d3 Na5 7. Nd2 Nxc4 8.
Nxc4 Be6 9. Ne3 c6 10. Ne2 Bb6 11. c3 d5 12. exd5 Nxd5 13. d4 Nf4 14. Ng3 Ng6
15. dxe5 Qxd1 16. Rxd1 Nxe5 17. Nef5 O-O 18. Be3 Rfd8 19. Bd4 Bxd4 20. Nxd4 Bd5
21. b3 f6 22. Rd2 Rd7 23. Rad1 Rad8 24. Nc2 Kf7 25. Ne3 Be6 26. Rxd7+ Rxd7 27.
Rxd7+ Bxd7 28. Ne4 b6 29. Kf1 Nd3 30. Ke2 Nf4+ 31. Kd2 Ke7 32. c4 f5 33. Nc3 g5
34. f3 h5 35. g3 Ng6 36. Ng2 Kd6 37. f4 g4 38. Nd1 Ke6 39. Nh4 Ne7 40. Ne3 c5
41. Kc3 Bc6 42. b4 cxb4+ 43. Kxb4 a5+ 44. Kc3 Be4 45. Nc2 Nc8 46. Nd4+ Kf6 47.
Nb5 Bc6 48. Nd4 Be4 49. Nb5 Ne7 50. a3 Nc8 51. Kd4 Bc6 52. Nc3 Ne7 53. Ke3 Ke6
54. Kd4 Kd6 55. Nd1 Be4 56. Ne3 Ke6 57. Kc3 Kd7 58. Kd4 Kd6 59. Kc3 Kc5 60. Nd1
Bc6 61. Nb2 b5 62. Nd3+ Kd6 63. Ne5 Be8 64. cxb5 Bxb5 65. Nc4+ Kc5 66. Nxa5
Nd5+ 67. Kd2 Bd7 68. Nb7+ Kd4 69. Nd6 Ne7 70. Nf7 Be6 71. Ne5 Bc8 72. Nf7 Be6
73. Nd6 Bd7 74. Ke2 Kd5 75. Nf7 Kd4 76. Ne5 Bc8 77. Kd2 Ke4 78. Nc4 Kd4 79. Nd6
Bd7 80. a4 Kc5 81. Nb7+ Kb6 82. Nd6 Kc5 83. Nb7+ Kb6 84. Nd8 Bxa4 85. Kc3 Kc5
86. Ne6+ Kd5 87. Ng7 Bd7 88. Kd3 Bb5+ 89. Ke3 Bd7 90. Nxh5 Ke6 91. Kd4 Bc8 92.
Kc5 Bd7 93. Ng7+ Kf7 94. Kd6 Bc8 95. Nh5 Be6 96. Ke5 Nc6+ 97. Kd6 Ne7 98. Ke5
Bd7 99. Kd6 Be6 100. Ke5 Nc6+ 101. Kd6 Nd4 102. Ke5 Nf3+ 103. Nxf3 gxf3 104. g4
f2 105. Ng3 fxg4 106. f5 Bc4 107. Kf4 Be2 108. Kg5 Kg7 109. Kh4 Kh6 110. h3
gxh3 111. Kxh3 Bf3 112. Nf1 Be2 113. Kg3 Bxf1 114. Kxf2 Kg5 115. Kxf1 Kf6 116.
Kf2 Kxf5 1/2-1/2

[Event "First Saturday 2010 marcius GM"]
[Site "Budapest"]
[Date "2010.03.06"]
[Round "1"]
[White "Yu, Lie"]
[Black "Czebe, Attila"]
[Result "1/2-1/2"]
[WhiteElo "2407"]
[BlackElo "2479"]
[PlyCount "33"]
[EventDate "2010.03.06"]

1. e4 d6 2. d4 Nf6 3. Nc3 e5 4. dxe5 dxe5 5. Qxd8+ Kxd8 6. Bg5 Be6 7. Nf3 Nbd7
8. O-O-O Kc8 9. Bh4 Bc5 10. Nd5 Nxd5 11. exd5 Bg4 12. Be2 a6 13. a3 Bd6 14.
Rhe1 b5 15. Ng5 Bxe2 16. Rxe2 Rf8 17. Bg3 1/2-1/2

[Event "First Saturday 2010 marcius GM"]
[Site "Budapest"]
[Date "2010.03.06"]
[Round "1"]
[White "Sipos, Istvan"]
[Black "Kislik, Erik Andrew"]
[Result "1-0"]
[WhiteElo "2491"]
[BlackElo "2370"]
[PlyCount "83"]
[EventDate "2010.03.06"]

1. e4 e5 2. Nf3 Nc6 3. d4 exd4 4. Nxd4 Bc5 5. Nxc6 Qf6 6. Qf3 bxc6 7. Nc3 Ne7
8. Qg3 d6 9. Bd3 O-O 10. O-O Qg6 11. Qh4 Re8 12. Bg5 f6 13. Bd2 Qg4 14. Qxg4
Bxg4 15. Na4 Bd4 16. c3 Bb6 17. Rfe1 c5 18. b3 Kf8 19. f4 Bd7 20. Nxb6 axb6 21.
a4 h6 22. Kf2 Ra7 23. e5 Nc6 24. exf6 gxf6 25. Rxe8+ Bxe8 26. Re1 Bf7 27. Bc2
Na5 28. f5 Bxb3 29. Bxh6+ Kf7 30. Be4 d5 31. Bf3 Nc6 32. Bh5+ Kg8 33. Re6 Ne5
34. Rxf6 Rxa4 35. h3 d4 36. cxd4 cxd4 37. Rf8+ Kh7 38. Bg5 Ra1 39. Kg3 Bg8 40.
Re8 Nc6 41. Bf6 Ra3+ 42. Kh4 1-0

[Event "First Saturday 2010 marcius GM"]
[Site "Budapest"]
[Date "2010.03.07"]
[Round "2"]
[White "Simantsev, Mikail"]
[Black "Kislik, Erik Andrew"]
[Result "1/2-1/2"]
[WhiteElo "2524"]
[BlackElo "2370"]
[PlyCount "54"]
[EventDate "2010.03.06"]

1. d4 Nf6 2. c4 g6 3. Nc3 d5 4. Nf3 Bg7 5. Bf4 O-O 6. e3 c6 7. h3 Be6 8. Ng5
Bf5 9. g4 Bc8 10. Qb3 h6 11. Nf3 a5 12. c5 Na6 13. Bd3 Nd7 14. Bg3 e5 15. Be2
Re8 16. O-O Nc7 17. Rad1 Ne6 18. Kg2 g5 19. dxe5 Nexc5 20. Qc2 Qb6 21. e4 dxe4
22. Nxe4 Nxe4 23. Qxe4 Qxb2 24. Bd3 Nf6 25. Qe3 Nd5 26. Qe4 Nf6 27. Qe3 Nd5
1/2-1/2

[Event "First Saturday 2010 marcius GM"]
[Site "Budapest"]
[Date "2010.03.07"]
[Round "2"]
[White "Czebe, Attila"]
[Black "Sipos, Istvan"]
[Result "1/2-1/2"]
[WhiteElo "2479"]
[BlackElo "2491"]
[PlyCount "28"]
[EventDate "2010.03.06"]

1. e4 e5 2. Nf3 Nc6 3. Bb5 a6 4. Ba4 Nf6 5. O-O b5 6. Bb3 Bc5 7. c3 d6 8. d4
Bb6 9. a4 Rb8 10. axb5 axb5 11. Na3 O-O 12. Nxb5 Bg4 13. Bc2 Bxf3 14. Qxf3 exd4
1/2-1/2

[Event "First Saturday 2010 marcius GM"]
[Site "Budapest"]
[Date "2010.03.07"]
[Round "2"]
[White "Konnyu, Janos"]
[Black "Olapi, Bunmi"]
[Result "0-1"]
[WhiteElo "2366"]
[BlackElo "2263"]
[PlyCount "62"]
[EventDate "2010.03.06"]

1. e4 e5 2. Nf3 Nf6 3. d4 Nxe4 4. Bd3 d5 5. dxe5 Be7 6. O-O Nc5 7. Be2 Nc6 8.
Be3 O-O 9. c3 Bg4 10. Nbd2 Ne4 11. Nb3 Re8 12. h3 Bh5 13. Nbd4 Bf8 14. g4 Bg6
15. Nxc6 bxc6 16. Qa4 Rb8 17. Qxc6 Re6 18. Qa4 Rxb2 19. Bd1 Nxc3 20. Qxa7 Nb5
21. Qb7 c5 22. Bb3 Nc3 23. Kh2 Bd3 24. Bg5 Be7 25. Rac1 Bxf1 26. Rxc3 c4 27.
Be3 h5 28. gxh5 Bf8 29. Rc2 Rb1 30. Nd2 cxb3 31. Rc8 bxa2 0-1

[Event "First Saturday 2010 marcius GM"]
[Site "Budapest"]
[Date "2010.03.07"]
[Round "2"]
[White "Varga, Zoltan"]
[Black "Gonda, Laszlo"]
[Result "1/2-1/2"]
[WhiteElo "2483"]
[BlackElo "2482"]
[PlyCount "62"]
[EventDate "2010.03.06"]

1. e4 e5 2. Nf3 Nc6 3. d4 exd4 4. Nxd4 Bc5 5. Nxc6 Qf6 6. Qf3 bxc6 7. Nd2 d6 8.
h3 a5 9. Bd3 Qxf3 10. Nxf3 Ne7 11. O-O f6 12. b3 Be6 13. Bb2 a4 14. Nd4 Bf7 15.
Bc3 O-O 16. b4 Bxb4 17. Bxb4 c5 18. Bxc5 dxc5 19. Nb5 Rab8 20. Rfb1 Nc6 21.
Nxc7 Nb4 22. Na6 Nxa6 23. Bxa6 a3 24. c4 Rfd8 25. Rb3 Ra8 26. Bb5 g5 27. Bc6
Bxc4 28. Rc3 Ra6 29. Bb7 Ra4 30. Bc6 Ra6 31. Bb7 Ra4 1/2-1/2

[Event "First Saturday 2010 marcius GM"]
[Site "Budapest"]
[Date "2010.03.08"]
[Round "3"]
[White "Gonda, Laszlo"]
[Black "Simantsev, Mikail"]
[Result "1/2-1/2"]
[WhiteElo "2482"]
[BlackElo "2524"]
[PlyCount "64"]
[EventDate "2010.03.06"]

1. d4 Nf6 2. c4 e6 3. Nc3 Bb4 4. e3 c5 5. a3 Bxc3+ 6. bxc3 O-O 7. Bd3 Nc6 8.
Ne2 b6 9. O-O Ba6 10. e4 Ne8 11. f4 f5 12. exf5 exf5 13. dxc5 bxc5 14. Be3 d6
15. Ng3 Qc8 16. Re1 Rb8 17. Bf2 g6 18. Nf1 Nf6 19. Ne3 Ne7 20. Bh4 Bb7 21. Ra2
Qc7 22. Bxf6 Rxf6 23. Rae2 Rf7 24. Bc2 Rd8 25. Nd5 Nxd5 26. cxd5 Qa5 27. c4
Qxa3 28. Bb3 Qa5 29. Re8+ Rxe8 30. Rxe8+ Rf8 31. Re7 Rf7 32. Re8+ Rf8 1/2-1/2

[Event "First Saturday 2010 marcius GM"]
[Site "Budapest"]
[Date "2010.03.08"]
[Round "3"]
[White "Olapi, Bunmi"]
[Black "Varga, Zoltan"]
[Result "0-1"]
[WhiteElo "2263"]
[BlackElo "2483"]
[PlyCount "84"]
[EventDate "2010.03.06"]

1. e4 d6 2. d4 Nf6 3. Bd3 e5 4. c3 c6 5. Ne2 Be7 6. O-O O-O 7. f4 Re8 8. Nd2
Bf8 9. Qc2 Nbd7 10. Nf3 b5 11. Ng3 Rb8 12. a4 a6 13. axb5 axb5 14. h3 c5 15.
fxe5 dxe5 16. d5 c4 17. Be2 Nc5 18. Be3 Nb3 19. Ra2 Bc5 20. Bxc5 Nxc5 21. Nd2
Bd7 22. Kh2 Ra8 23. Qb1 Qb6 24. Ra1 Rxa1 25. Qxa1 g6 26. Qa3 Kg7 27. Qb4 Qa7
28. b3 h5 29. bxc4 h4 30. Nh1 bxc4 31. Nxc4 Ncxe4 32. Nb6 Rb8 33. Rb1 Bf5 34.
Rb2 Nxd5 35. Nxd5 Rxb4 36. Rxb4 Qa3 37. Bc4 Nd2 38. Be2 Be4 39. Rb5 Bxd5 40.
Rxd5 Qxc3 41. Rd3 Qb4 42. Nf2 f5 0-1

[Event "First Saturday 2010 marcius GM"]
[Site "Budapest"]
[Date "2010.03.08"]
[Round "3"]
[White "Yu, Lie"]
[Black "Konnyu, Janos"]
[Result "1-0"]
[WhiteElo "2407"]
[BlackElo "2366"]
[PlyCount "71"]
[EventDate "2010.03.06"]

1. e4 c5 2. Nf3 Nc6 3. d4 cxd4 4. Nxd4 g6 5. c4 Bg7 6. Be3 Nf6 7. Nc3 Ng4 8.
Qxg4 Nxd4 9. Qd1 Ne6 10. Rc1 Qa5 11. Be2 d6 12. O-O Bd7 13. f4 Nc5 14. Bf3 Na4
15. Qd5 Bxc3 16. Qxb7 Rc8 17. bxc3 Nc5 18. Qb4 Qc7 19. Rfd1 a5 20. Qa3 Be6 21.
Rd4 O-O 22. Rb1 Rb8 23. Rb5 a4 24. e5 Bd7 25. exd6 exd6 26. Rb4 Rfe8 27. Qc1
Re7 28. Rxb8+ Qxb8 29. Rd1 Bf5 30. Qd2 Nd3 31. Bd4 Nb2 32. Rf1 Nxc4 33. Qf2 Re8
34. Bc6 Bd3 35. Bxe8 Bxf1 36. Qxf1 1-0

[Event "First Saturday 2010 marcius GM"]
[Site "Budapest"]
[Date "2010.03.08"]
[Round "3"]
[White "Sipos, Istvan"]
[Black "Sharma, Dinesh K"]
[Result "1/2-1/2"]
[WhiteElo "2491"]
[BlackElo "2361"]
[PlyCount "165"]
[EventDate "2010.03.06"]

1. e4 e5 2. Nf3 Nc6 3. Bb5 a6 4. Ba4 Nf6 5. O-O Be7 6. Re1 b5 7. Bb3 d6 8. c3
O-O 9. d4 Bg4 10. d5 Na5 11. Bc2 c6 12. h3 Bc8 13. dxc6 Qc7 14. Nbd2 Qxc6 15.
a4 Bd7 16. Nf1 h6 17. Ng3 Rfe8 18. Nh4 Bf8 19. Qf3 Kh7 20. Nhf5 Ng8 21. Rd1 Be6
22. axb5 axb5 23. Nd4 Qb7 24. Nxe6 fxe6 25. h4 Nf6 26. Nh5 Nxh5 27. Qxh5 Nc4
28. Rxa8 Rxa8 29. Qg4 Qf7 30. Qe2 Qc7 31. h5 Kh8 32. g3 Be7 33. b3 Na5 34. Bb2
Rb8 35. Qg4 Qc8 36. Ra1 Nc6 37. Bd3 Bg5 38. b4 Qd7 39. Qe2 Qb7 40. Qg4 Qc8 41.
Qe2 Qb7 42. Bc2 Bf6 43. Bb3 Nd8 44. Qd3 Be7 45. Bc1 Qc8 46. Ra5 Qb7 47. Be3 Nc6
48. Ra1 Qc8 49. Kg2 Bf8 50. Qd1 Be7 51. Ra3 Bf8 52. Qg4 Nd8 53. Qg6 Qxc3 54.
Qe8 Nc6 55. Qxe6 Ne7 56. Qxd6 Nc6 57. Qe6 Bxb4 58. Bxh6 Qf3+ 59. Kxf3 Nd4+ 60.
Kg4 Nxe6 61. Ra7 Bc5 62. Rf7 gxh6 63. Bxe6 Rg8+ 64. Kh3 Rf8 65. Rxf8+ Bxf8 66.
Kg4 Kg7 67. Kf5 Bd6 68. Bd5 b4 69. f4 Bc7 70. Bb3 Bd6 71. Ba2 Bc7 72. Bb3 Bd6
73. Ba2 Bc7 74. Bc4 Bd6 75. fxe5 Be7 76. Ke6 Kf8 77. g4 Bg5 78. Kd6 Be7+ 79.
Kd7 Bg5 80. Bb3 Be7 81. e6 Bg5 82. e5 Be7 83. Ba2 1/2-1/2

[Event "First Saturday 2010 marcius GM"]
[Site "Budapest"]
[Date "2010.03.08"]
[Round "3"]
[White "Kislik, Erik Andrew"]
[Black "Czebe, Attila"]
[Result "0-1"]
[WhiteElo "2370"]
[BlackElo "2479"]
[PlyCount "120"]
[EventDate "2010.03.06"]

1. e4 e5 2. Nf3 Nc6 3. Bb5 Nge7 4. Nc3 g6 5. d4 exd4 6. Nd5 Nxd5 7. exd5 Qe7+
8. Kf1 Ne5 9. Nxe5 Qxe5 10. Qf3 Be7 11. Bf4 Qf6 12. Bxc7 Qxf3 13. gxf3 a6 14.
Ba4 O-O 15. Kg2 Bc5 16. a3 b5 17. b4 Bxb4 18. axb4 bxa4 19. Rhd1 Bb7 20. Rxd4
Rfc8 21. d6 Bc6 22. Rc4 Kf8 23. Rc5 Ra7 24. Kg3 Rb7 25. c3 Ra8 26. Rd1 f6 27.
h4 Kf7 28. f4 Rb5 29. Rc4 Bd5 30. Rcd4 Bb3 31. Ra1 Re8 32. Ba5 Re2 33. c4 Rb8
34. c5 Rc2 35. Re4 Re8 36. Rxe8 Kxe8 37. Re1+ Be6 38. Ra1 Ra2 39. Rxa2 Bxa2 40.
b5 axb5 41. Bb4 Bd5 42. Kg4 h5+ 43. Kg3 Kf7 44. f5 g5 45. f3 gxh4+ 46. Kxh4
Bxf3 47. c6 Bxc6 48. Kxh5 Be4 49. Kg4 Bd3 50. Kf4 Bb1 51. Ba3 Ke8 52. Bb4 Kd8
53. Bc3 Kc8 54. Ke3 Kb7 55. Bxf6 Kc6 56. Be5 Kd5 57. f6 Bg6 58. Bf4 Kc4 59. Kd2
b4 60. Kc1 a3 0-1

[Event "First Saturday 2010 marcius GM"]
[Site "Budapest"]
[Date "2010.03.09"]
[Round "4"]
[White "Konnyu, Janos"]
[Black "Sipos, Istvan"]
[Result "1-0"]
[WhiteElo "2366"]
[BlackElo "2491"]
[PlyCount "65"]
[EventDate "2010.03.06"]

1. e4 c5 2. Nf3 d6 3. d4 cxd4 4. Nxd4 Nf6 5. Nc3 a6 6. Bg5 e6 7. f4 Be7 8. Qd2
Qc7 9. O-O-O Nbd7 10. Bd3 h6 11. Bh4 O-O 12. g4 Nc5 13. Nf3 b5 14. e5 Ne8 15.
Bxe7 Qxe7 16. Ne4 Nxd3+ 17. Qxd3 dxe5 18. fxe5 f6 19. h4 Bb7 20. g5 f5 21. Ng3
hxg5 22. hxg5 g6 23. Rh6 Kf7 24. Qd7 Rg8 25. Nh4 f4 26. Ne2 f3 27. Nf4 Be4 28.
Qxe7+ Kxe7 29. Nhxg6+ Rxg6 30. Nxg6+ Bxg6 31. Rxg6 Rd8 32. Rxd8 f2 33. Rd1 1-0

[Event "First Saturday 2010 marcius GM"]
[Site "Budapest"]
[Date "2010.03.10"]
[Round "5"]
[White "Yu, Lie"]
[Black "Gonda, Laszlo"]
[Result "0-1"]
[WhiteElo "2407"]
[BlackElo "2482"]
[PlyCount "112"]
[EventDate "2010.03.06"]

1. e4 e5 2. Nf3 Nc6 3. Bb5 a6 4. Ba4 Nf6 5. O-O Be7 6. Re1 b5 7. Bb3 d6 8. c3
O-O 9. h3 Na5 10. Bc2 c5 11. d4 Qc7 12. Nbd2 Re8 13. Nf1 g6 14. Bg5 Nc4 15. b3
Nb6 16. Ne3 Bb7 17. dxe5 dxe5 18. Bxf6 Bxf6 19. c4 Bg7 20. a4 bxa4 21. bxa4 a5
22. Qd3 Bh6 23. Ng4 Bg7 24. Ne3 Rab8 25. Qc3 Nc8 26. Red1 Ba8 27. Nd2 Nd6 28.
Nb3 Nxe4 29. Qe1 Rb4 30. Nd5 Bxd5 31. Rxd5 Nd6 32. Rxc5 Qb6 33. Rxa5 Nxc4 34.
Ra6 Qxa6 35. Qxb4 e4 36. Rf1 Bf8 37. Nc5 Bxc5 38. Qxc5 Nd2 39. Rd1 Rc8 40. Qd4
Rxc2 41. Rxd2 Rxd2 42. Qxd2 Qxa4 43. Qc1 Qd4 44. g3 Kg7 45. h4 Qf6 46. Qc5 Qf3
47. Qe5+ f6 48. Qc5 Kh6 49. Qc7 Kh5 50. Qc5+ f5 51. Kh2 Kg4 52. Qd4 Qd3 53. Qa1
Kf3 54. Qg1 Ke2 55. h5 Qf3 56. hxg6 hxg6 0-1

[Event "First Saturday 2010 marcius GM"]
[Site "Budapest"]
[Date "2010.03.10"]
[Round "5"]
[White "Sipos, Istvan"]
[Black "Varga, Zoltan"]
[Result "0-1"]
[WhiteElo "2491"]
[BlackElo "2483"]
[PlyCount "100"]
[EventDate "2010.03.06"]

1. e4 Nf6 2. e5 Nd5 3. d4 d6 4. Nf3 g6 5. Bc4 c6 6. h3 Bg7 7. exd6 exd6 8. Bxd5
cxd5 9. O-O O-O 10. Bf4 Qb6 11. Nc3 Be6 12. a4 a6 13. Qd2 Rc8 14. a5 Qc6 15.
Bh6 Bh8 16. Rfe1 Nd7 17. Ng5 Re8 18. Re3 Nf6 19. Rae1 Bd7 20. Rf3 Rxe1+ 21.
Qxe1 Re8 22. Qd2 Re7 23. Re3 Ne4 24. Ngxe4 dxe4 25. Re1 Re8 26. d5 Qc4 27. Qf4
Bxc3 28. bxc3 Qxd5 29. Qg3 Bc6 30. Be3 Qe5 31. Qh4 Qxc3 32. Rd1 Qxa5 33. Rxd6
Qa1+ 34. Kh2 Qe5+ 35. Bf4 Qe7 36. Rf6 e3 37. Bxe3 Qe4 38. Qg3 Qe5 39. Rf4 g5
40. h4 h6 41. Kg1 f6 42. Qg4 Be4 43. Qg3 Kf7 44. Rg4 f5 45. f4 Qa1+ 46. Kh2 Qd1
47. Rxg5 hxg5 48. fxg5 Qg4 49. Qc7+ Re7 50. Qc4+ Re6 0-1

[Event "First Saturday 2010 marcius GM"]
[Site "Budapest"]
[Date "2010.03.10"]
[Round "5"]
[White "Czebe, Attila"]
[Black "Sharma, Dinesh K"]
[Result "1-0"]
[WhiteElo "2479"]
[BlackElo "2361"]
[PlyCount "69"]
[EventDate "2010.03.06"]

1. c4 f5 2. g3 Nf6 3. Bg2 d6 4. d4 g6 5. Nc3 Bg7 6. e3 O-O 7. Nge2 e5 8. O-O a5
9. b3 e4 10. f3 exf3 11. Bxf3 Re8 12. Qc2 Nc6 13. a3 Kh8 14. Rb1 Rb8 15. b4
axb4 16. axb4 Ne7 17. d5 Neg8 18. Nf4 Nh6 19. Nb5 Nhg4 20. Nd4 Nxe3 21. Bxe3
Rxe3 22. Nde6 Bxe6 23. Nxe6 Qe7 24. Qd2 Rxe6 25. dxe6 Qxe6 26. Bd5 Qe5 27. Rbe1
Ne4 28. Bxe4 fxe4 29. Rf7 b5 30. Qc2 Re8 31. Rxc7 d5 32. cxb5 Qh5 33. Qc5 Kg8
34. b6 e3 35. Rc8 1-0

[Event "First Saturday 2010 marcius GM"]
[Site "Budapest"]
[Date "2010.03.11"]
[Round "6"]
[White "Konnyu, Janos"]
[Black "Czebe, Attila"]
[Result "0-1"]
[WhiteElo "2366"]
[BlackElo "2479"]
[PlyCount "83"]
[EventDate "2010.03.06"]

1. d4 d5 2. Nf3 c6 3. c4 Nf6 4. e3 Bf5 5. Nc3 e6 6. Nh4 Be4 7. f3 Bg6 8. Nxg6
hxg6 9. f4 Nbd7 10. Bd2 dxc4 11. Bxc4 b5 12. Bd3 a6 13. a4 b4 14. Ne4 Be7 15.
Rc1 Qb6 16. Qc2 Rc8 17. Nc5 Nxc5 18. dxc5 Qb7 19. e4 a5 20. Rd1 Rd8 21. Be3 Ng4
22. Bg1 Bh4+ 23. Ke2 f5 24. Kf3 Nf6 25. exf5 gxf5 26. g3 Qf7 27. Qe2 Nd5 28.
Kg2 Kf8 29. Bc4 Bf6 30. Bxd5 exd5 31. Bf2 Re8 32. Qa6 Qc7 33. Rhe1 Kf7 34. b3
Bc3 35. Rxe8 Rxe8 36. Qd3 Re4 37. Qf3 Qd7 38. Rd3 Qe6 39. Rxc3 bxc3 40. Qxc3 d4
41. Qxa5 Qd5 42. Kh3 0-1

[Event "First Saturday 2010 marcius GM"]
[Site "Budapest"]
[Date "2010.03.11"]
[Round "6"]
[White "Varga, Zoltan"]
[Black "Kislik, Erik Andrew"]
[Result "1/2-1/2"]
[WhiteElo "2483"]
[BlackElo "2370"]
[PlyCount "44"]
[EventDate "2010.03.06"]

1. c4 c5 2. g3 Nc6 3. Bg2 g6 4. Nc3 Bg7 5. Nf3 d6 6. O-O e5 7. d3 Be6 8. Rb1
Nge7 9. Bd2 O-O 10. a3 a5 11. Qc1 Nd4 12. b4 axb4 13. axb4 cxb4 14. Rxb4 d5 15.
Bh6 Bxh6 16. Qxh6 Nef5 17. Qc1 dxc4 18. dxc4 Ra2 19. Rb2 Rxb2 20. Qxb2 Nxf3+
21. Bxf3 Bxc4 22. Bxb7 Qc7 1/2-1/2

[Event "First Saturday 2010 marcius GM"]
[Site "Budapest"]
[Date "2010.03.11"]
[Round "6"]
[White "Olapi, Bunmi"]
[Black "Yu, Lie"]
[Result "1/2-1/2"]
[WhiteElo "2263"]
[BlackElo "2407"]
[PlyCount "90"]
[EventDate "2010.03.06"]

1. e4 c5 2. Nf3 Nc6 3. d4 cxd4 4. Nxd4 Nf6 5. Nc3 e5 6. Ndb5 d6 7. Bg5 a6 8.
Na3 b5 9. Bxf6 gxf6 10. Nd5 f5 11. Bd3 Be6 12. O-O Bxd5 13. exd5 Ne7 14. c4 Bg7
15. Rb1 e4 16. Be2 bxc4 17. Nxc4 O-O 18. Qd2 Rb8 19. a4 Ng6 20. b4 f4 21. Kh1
f3 22. gxf3 exf3 23. Bd3 Qh4 24. Qe3 Ne5 25. Rg1 Nxc4 26. Bxc4 Kh8 27. Qg5 Qxg5
28. Rxg5 a5 29. Bb5 Bd4 30. bxa5 Bxf2 31. Rf5 Bc5 32. Rxf3 Kg7 33. Re1 Ra8 34.
a6 Ra7 35. Re2 f5 36. Rf4 Kf6 37. h4 Re7 38. Rxe7 Kxe7 39. Bd3 Be3 40. Rxf5
Rxf5 41. Bxf5 h6 42. Kg2 Kd8 43. Kf3 Bc5 44. Kg4 Kc7 45. Bd3 Kb8 1/2-1/2

[Event "First Saturday 2010 marcius GM"]
[Site "Budapest"]
[Date "2010.03.12"]
[Round "7"]
[White "Yu, Lie"]
[Black "Simantsev, Mikail"]
[Result "0-1"]
[WhiteElo "2407"]
[BlackElo "2524"]
[PlyCount "58"]
[EventDate "2010.03.06"]

1. e4 e5 2. Nf3 Nc6 3. Bb5 a6 4. Ba4 Nf6 5. O-O b5 6. Bb3 Bc5 7. c3 d6 8. a4
Rb8 9. d4 Bb6 10. Na3 O-O 11. axb5 axb5 12. Qd3 exd4 13. cxd4 Bg4 14. Nxb5 Bxf3
15. Qxf3 Nxd4 16. Nxd4 Bxd4 17. Rb1 Nd7 18. Rd1 Ne5 19. Qg3 Bc5 20. Bf4 Ng6 21.
Bc1 Qe8 22. Qd3 Ne5 23. Qc2 Ng4 24. Rf1 Nxf2 25. Bf4 Qxe4 26. Bg3 Rxb3 27. Qxb3
Nd1+ 28. Kh1 Ne3 29. Rg1 Nxg2 0-1

[Event "First Saturday 2010 marcius GM"]
[Site "Budapest"]
[Date "2010.03.12"]
[Round "7"]
[White "Sipos, Istvan"]
[Black "Olapi, Bunmi"]
[Result "1-0"]
[WhiteElo "2491"]
[BlackElo "2263"]
[PlyCount "139"]
[EventDate "2010.03.06"]

1. e4 e5 2. Nf3 Nf6 3. d4 Nxe4 4. dxe5 d5 5. Nbd2 Be7 6. c4 O-O 7. cxd5 Qxd5 8.
Bc4 Qc5 9. Qe2 Nxd2 10. Bxd2 Nc6 11. Bc3 Bg4 12. Bd3 Nb4 13. Bb1 Bh5 14. O-O
Rad8 15. Qe4 Bg6 16. Qxb7 Nd3 17. Nd2 Rb8 18. Qf3 Nxe5 19. Qe2 Bf6 20. Bxg6
fxg6 21. Ne4 Qc4 22. Rfe1 Qxe2 23. Rxe2 Nd3 24. Nxf6+ gxf6 25. Rd1 Nf4 26. Re4
Rbd8 27. Rxd8 Rxd8 28. Re1 Kf7 29. g3 Nd5 30. Ba5 Rb8 31. Re2 Rb5 32. Be1 Rc5
33. f3 a6 34. Kf2 Rc1 35. Ba5 Rh1 36. Kg2 Ra1 37. a3 Rc1 38. Be1 h5 39. Kf2 c6
40. Bd2 Rh1 41. h4 Rb1 42. Be3 Ke6 43. Bc1+ Kd7 44. Rc2 Kd6 45. Ke2 Nb6 46. Kd3
Kd5 47. Kc3 Nc4 48. Kb3 Ne5 49. Ka2 Rxc1 50. Rxc1 Nxf3 51. Kb3 Nd4+ 52. Kb4 Ne2
53. Re1 Nxg3 54. Rg1 Ne4 55. Rxg6 f5 56. Rg8 f4 57. Rf8 Ke5 58. Kc4 Nd6+ 59.
Kd3 Nf5 60. Re8+ Kf6 61. Re4 Nxh4 62. Rxf4+ Kg5 63. Ra4 Nf5 64. Ke2 h4 65. Kf3
h3 66. Ra5 h2 67. Kg2 Kf4 68. Kxh2 Ke4 69. Rxa6 c5 70. Rb6 1-0

[Event "First Saturday 2010 marcius GM"]
[Site "Budapest"]
[Date "2010.03.12"]
[Round "7"]
[White "Sharma, Dinesh K"]
[Black "Konnyu, Janos"]
[Result "1/2-1/2"]
[WhiteElo "2361"]
[BlackElo "2366"]
[PlyCount "59"]
[EventDate "2010.03.06"]

1. e4 c5 2. Nf3 Nc6 3. d4 cxd4 4. Nxd4 Nf6 5. Nc3 e5 6. Ndb5 d6 7. Bg5 a6 8.
Na3 b5 9. Bxf6 gxf6 10. Nd5 f5 11. g3 Bg7 12. Bg2 O-O 13. exf5 Bxf5 14. Ne3 Ne7
15. Nxf5 Nxf5 16. Qd3 e4 17. Bxe4 Bxb2 18. O-O Bxa1 19. Bxa8 Qxa8 20. Rxa1 Qc8
21. c4 b4 22. Nc2 a5 23. a3 bxa3 24. Nxa3 Qe6 25. Rb1 Rc8 26. Kg2 Rc5 27. Rb8+
Kg7 28. Rb6 Qe5 29. Qf3 h5 30. Rb7 1/2-1/2

[Event "First Saturday 2010 marcius GM"]
[Site "Budapest"]
[Date "2010.03.13"]
[Round "8"]
[White "Simantsev, Mikail"]
[Black "Konnyu, Janos"]
[Result "1/2-1/2"]
[WhiteElo "2524"]
[BlackElo "2366"]
[PlyCount "58"]
[EventDate "2010.03.06"]

1. d4 Nf6 2. c4 g6 3. Nc3 Bg7 4. e4 d6 5. Nf3 O-O 6. h3 c6 7. Bg5 e5 8. d5 a5
9. Be2 cxd5 10. cxd5 Na6 11. Nd2 Bd7 12. O-O Qb8 13. a4 Rc8 14. Be3 Nc5 15. Qb1
Ne8 16. Bb5 Qc7 17. Rc1 Qd8 18. Ra3 Bf6 19. Nc4 Bg5 20. Bxg5 Qxg5 21. Bxd7 Nxd7
22. Nb5 Nb6 23. Rac3 Nxa4 24. R3c2 Rd8 25. b3 Nc5 26. Ncxd6 Nxd6 27. Nxd6 b6
28. Nc4 Nxe4 29. Re2 Nd6 1/2-1/2

[Event "First Saturday 2010 marcius GM"]
[Site "Budapest"]
[Date "2010.03.13"]
[Round "8"]
[White "Varga, Zoltan"]
[Black "Sharma, Dinesh K"]
[Result "1/2-1/2"]
[WhiteElo "2483"]
[BlackElo "2361"]
[PlyCount "35"]
[EventDate "2010.03.06"]

1. e4 e5 2. Nf3 Nc6 3. d4 exd4 4. Nxd4 Bc5 5. Be3 Qf6 6. c3 Nge7 7. Nc2 Bxe3 8.
Nxe3 Qe5 9. Nd2 d5 10. Bd3 dxe4 11. Bxe4 Be6 12. Qc2 O-O-O 13. Nf3 Qh5 14. O-O
f5 15. Bxc6 Nxc6 16. Rad1 Rhe8 17. Rxd8+ Rxd8 18. Re1 1/2-1/2

[Event "First Saturday 2010 marcius GM"]
[Site "Budapest"]
[Date "2010.03.13"]
[Round "8"]
[White "Gonda, Laszlo"]
[Black "Czebe, Attila"]
[Result "1/2-1/2"]
[WhiteElo "2482"]
[BlackElo "2479"]
[PlyCount "27"]
[EventDate "2010.03.06"]

1. c4 Nf6 2. Nc3 g6 3. e4 d6 4. d4 Bg7 5. Bd3 Nc6 6. Nge2 O-O 7. O-O e5 8. d5
Ne7 9. Rb1 Nd7 10. b4 a5 11. a3 axb4 12. axb4 f5 13. exf5 Nxf5 14. Ne4 1/2-1/2

[Event "First Saturday 2010 marcius GM"]
[Site "Budapest"]
[Date "2010.03.14"]
[Round "9"]
[White "Sipos, Istvan"]
[Black "Simantsev, Mikail"]
[Result "1/2-1/2"]
[WhiteElo "2491"]
[BlackElo "2524"]
[PlyCount "30"]
[EventDate "2010.03.06"]

1. e4 e5 2. Nf3 Nc6 3. d4 exd4 4. Nxd4 Qf6 5. Nxc6 Bc5 6. Qf3 bxc6 7. Qg3 h5 8.
h4 Nh6 9. f3 d6 10. Nc3 Bd4 11. Bd2 O-O 12. O-O-O Be5 13. Qf2 Bd4 14. Qg3 Be5
15. Qf2 Bd4 1/2-1/2

[Event "First Saturday 2010 marcius GM"]
[Site "Budapest"]
[Date "2010.03.14"]
[Round "9"]
[White "Kislik, Erik Andrew"]
[Black "Yu, Lie"]
[Result "1-0"]
[WhiteElo "2370"]
[BlackElo "2407"]
[PlyCount "59"]
[EventDate "2010.03.06"]

1. e4 c5 2. Nf3 Nc6 3. d4 cxd4 4. Nxd4 Nf6 5. Nc3 e5 6. Ndb5 d6 7. Bg5 a6 8.
Na3 b5 9. Bxf6 gxf6 10. Nd5 f5 11. Bd3 Be6 12. O-O Bxd5 13. exd5 Ne7 14. Nxb5
Bg7 15. Nc3 e4 16. Bc4 Ng6 17. Qh5 Bxc3 18. bxc3 Qf6 19. Qh6 Qxc3 20. Be2 Qe5
21. Rab1 Nf4 22. Bc4 Rg8 23. g3 Nxd5 24. Rb7 Ne7 25. Rd1 Rd8 26. Bb3 Rg7 27.
Qe3 Qf6 28. Qb6 Ng6 29. Ba4+ Kf8 30. Rb8 1-0

[Event "First Saturday 2010 marcius GM"]
[Site "Budapest"]
[Date "2010.03.14"]
[Round "9"]
[White "Czebe, Attila"]
[Black "Olapi, Bunmi"]
[Result "1-0"]
[WhiteElo "2479"]
[BlackElo "2263"]
[PlyCount "45"]
[EventDate "2010.03.06"]

1. c4 e5 2. g3 Nf6 3. Bg2 c6 4. d4 Bb4+ 5. Bd2 Bxd2+ 6. Qxd2 d6 7. Nc3 O-O 8.
Nf3 Qe7 9. O-O e4 10. Ne1 Bf5 11. Nc2 Re8 12. Ne3 Bg6 13. Rae1 Nbd7 14. f4 exf3
15. exf3 Qd8 16. b3 a6 17. f4 Ne4 18. Nxe4 Bxe4 19. Bxe4 Rxe4 20. Nf5 Rxe1 21.
Rxe1 Qf6 22. g4 Nf8 23. Ne7+ 1-0